Algebraic geometry I : complex projective varieties /

Bibliographic Details
Main Author: Mumford, David, 1937-
Format: Book
Language:English
Published: Berlin ; New York : Springer-Verlag, 1976.
Series:Grundlehren der mathematischen Wissenschaften ; 221.
Subjects:

MARC

Tag First Indicator Second Indicator Subfields
LEADER 00000cam a22000008i 4500
001 in00000448313
005 20151012161913.0
008 751229s1976 wb b 00110 eng
010 |a  75045192  
020 |a 0387076034 
035 |a (OCoLC)01992093 
035 |9 ABZ4745AM 
040 |a DLC  |c DLC  |d TXA  |d UtOrBLW 
049 |a TXAM  |c [1554141] 
050 0 0 |a QA564  |b .M843 
082 0 |a 516/.353 
100 1 |a Mumford, David,  |d 1937- 
245 1 0 |a Algebraic geometry I :  |b complex projective varieties /  |c David Mumford. 
264 1 |a Berlin ;  |a New York :  |b Springer-Verlag,  |c 1976. 
300 |a x, 186 pages :  |b illustrations ;  |c 25 cm. 
336 |a text  |b txt  |2 rdacontent 
337 |a unmediated  |b n  |2 rdamedia 
338 |a volume  |b nc  |2 rdacarrier 
490 1 |a Grundlehren der mathematischen Wissenschaften ; 221 
500 |a Includes index. 
504 |a Bibliography: pages 181-182. 
650 0 |a Geometry, Algebraic. 
650 0 |a Algebraic varieties. 
830 0 |a Grundlehren der mathematischen Wissenschaften ;  |v 221. 
999 |a MARS 
999 f f |s 9597a92b-6315-3168-aa38-175a8f6475e3  |i f9825201-164e-3298-96c6-782ff4627b7e  |t 0 
952 f f |p normal  |a Texas A&M University  |b College Station  |c Sterling C. Evans Library  |d Evans: Library Stacks  |t 0  |e QA564 .M843  |h Library of Congress classification  |i unmediated -- volume  |m A14804551979 
998 f f |a QA564 .M843  |t 0  |l Evans: Library Stacks